Logo BPK

Biblioteka

Politechniki Koszalińskiej

Arkana C++ : (Rekord nr 34547)

Szczegóły MARC
000 -ETYKIETA REKORDU
podpole kontrolne o stałej długości 00762nam a2200241 i 4500
001 - NUMER KONTROLNY REKORDU
pole kontrolne bg
020 ## - MIĘDZYNARODOWY ZNORMALIZOWANY NUMER KSIĄŻKI - ISBN
ISBN 8387216569
040 ## - ŹRÓDŁO KATALOGOWANIA
Instytucja, która utworzyła rekord BPK
041 1# - KOD JĘZYKA
Kod języka tekstu pl
Kod języka oryginału en
080 ## - UNIWERSALNA KLASYFIKACJA DZIESIĘTNA - UKD
UKD 004.438(07)C++
920 ## - Międzynarodowy znormalizowany numer książki – ISBN
ISBN 83-87216-56-9
008 - POLE O STAŁEJ DŁUGOŚCI - DANE KONTROLNE
podpole kontrolne o stałej długości s pl f |000 0 pol
100 1# - NAZWA OSOBOWA
Nazwa osobowa DEITEL, Harvey M.
245 10 - TYTUŁ/ODPOWIEDZIALNOŚĆ
Tytuł Arkana C++ :
Ciąg dalszy tytułu programowanie /
Pozostałe elementy strefy tytułu i oznaczenia odpowiedzialności Harvey M. Deitel, Paul J. Deitel ; [oprac. wersji pol. Piotr Czarnocki, Bogdan Kamiński, Sebastian Szafran].
246 ## - WARIANT TYTUŁU
Treść wyrażenia wprowadzającego Tyt. oryg.:
Tytuł C++: how to program
260 ## - STREFA ADRESU WYDAWNICZEGO
Miejsce wydania Warszawa :
Nazwa wydawcy/dystrybutora "READ ME",
Data publikacji, dystrybucji/powstania dokumentu cop. 1998.
300 ## - STREFA OPISU FIZYCZNEGO
Objętość XXXVIII, 1082 s. ;
Rozmiary 24 cm.
500 ## - UWAGI OGÓLNE
Tekst uwagi Oryg.: "C++: how to program" 2nd ed.
650 #9 - HASŁO PRZEDMIOTOWE W FORMIE NAZWY OGÓLNEJ LUB JEDNOSTKOWEJ
Nazwa ogólna lub geograficzna C (język programowania)
655 ## - TERMIN INDEKSOWY - OKREŚLENIE RODZAJU/FORMY DOKUMENTU
Określenie rodzaju/formy dokumentu Podręczniki
700 1# - HASŁO DODATKOWE - NAZWA OSOBOWA
Nazwa osobowa DEITEL, Paul J.
856 ## - LOKALIZACJA I DOSTĘP DO ELEKTRONICZNYCH DOKUMENTÓW ZDALNYCH
Link (URL) http://koha.tu.koszalin.pl/cgi-bin/koha/opac-detail.pl?biblionumber=34547
Tekst linku Katalog online BPK
942 ## - DODATKOWE ELEMENTY (KOHA)
Typ dokumentu Książka
Egzemplarze
Wycofany Status egzemplarza Uszkodzony Dostępność Lokalizacja stała Lokalizacja bieżąca Miejsce przechowywania Sygnatura Kod kreskowy Typ dokumentu
      Dostępny Biblioteka Politechniki Koszalińskiej Biblioteka Politechniki Koszalińskiej Wypożyczalnia BG 47879 01404135 Książka
© 2023 Biblioteka Politechniki Koszalińskiej :: KOHA